MARC details
| 000 -LÍDER |
| campo de controle de tamanho fixo |
01427nam a22003017a 4500 |
| 001 - NÚMERO DE CONTROLE |
| campo de controle |
426 |
| 003 - IDENTIFICADOR DO NÚMERO DE CONTROLE |
| campo de controle |
OSt |
| 005 - DATA E HORÁRIO DA ÚLTIMA TRANSAÇÃO |
| campo de controle |
20250616145207.0 |
| 008 - CAMPO DE DADOS FIXOS--INFORMAÇÃO GERAL |
| campo de controle de tamanho fixo |
250616b |||||||g |||| 00| 0 eng d |
| 020 ## - ISBN - INTERNATIONAL STANDARD BOOK NUMBER |
| ISBN - International Standard Book Number |
9788576792406 |
| 040 ## - FONTE DA CATALOGAÇÃO |
| Idioma da catalogação |
por |
| 041 ## - CÓDIGO DE IDIOMA |
| Código do idioma do original e/ou traduções intermediárias do texto |
eng |
| Código do idioma do texto/trilha sonora ou título diferente |
por |
| 082 ## - CDD - CLASSIFICAÇÃO DECIMAL DE DEWEY |
| Número de Classificação |
158.1 |
| Número do exemplar |
H647r |
| 100 1# - ENTRADA PRINCIPAL--NOME PESSOAL |
| Nome pessoal |
Hill, Napoleon, |
| Datas associadas ao nome |
1883-1970 |
| 9 (RLIN) |
916 |
| 240 ## - TÍTULO UNIFORME |
| Título uniforme |
Napoleon Hill's Golden Rules / |
| 245 ## - TÍTULO |
| Título |
As regras de ouro de Napoleon Hill : |
| Restante do título |
Os escritos perdidos / |
| Indicação de responsabilidade, etc. |
Hill, Napoleon; Tradução de Grace Khawaili |
| 260 ## - PUBLICAÇÃO, DISTRIBUIÇÃO, ETC. |
| Local de publicação, distribuição, etc. |
Osasco |
| Nome do editor, distribuidor, etc. |
Novo Século |
| Data da publicação, distribuição, etc. |
2009 |
| 300 ## - DESCRIÇÃO FÍSICA |
| Extensão |
206 p. |
| 520 ## - NOTA DE RESUMO, ETC. |
| Resumo, etc. |
'As Regras de Ouro de Napoleon Hill - Os Escritos Perdidos' reúne uma série de artigos que o autor escreveu entre 1919 e 1923 para revistas publicadas por ele. Os artigos focam na filosofia de Napoleon Hill sobre o sucesso e o potencial humano. A carreira de Napoleon Hill como escritor teve início na revista Bob Taylor´s Magazine. Seu dever era escrever histórias de sucesso. Quando foi enviado para entrevistar Andrew Carnegie, Hill foi desafiado a entrevistar pessoas bem-sucedidas e a desenvolver uma filosofia para o sucesso.<br/><br/> |
| 650 #0 - ASSUNTO--TERMO TÓPICO |
| Cabeçalho tópico ou nome geográfico |
Literatura Americana |
| 9 (RLIN) |
84 |
| 650 #0 - ASSUNTO--TERMO TÓPICO |
| Cabeçalho tópico ou nome geográfico |
Desenvolvimento Pessoal |
| 9 (RLIN) |
546 |
| 650 #0 - ASSUNTO--TERMO TÓPICO |
| Cabeçalho tópico ou nome geográfico |
Filosofia do sucesso |
| 9 (RLIN) |
918 |
| 650 #0 - ASSUNTO--TERMO TÓPICO |
| Cabeçalho tópico ou nome geográfico |
Napoleon Hil |
| 9 (RLIN) |
920 |
| 650 #0 - ASSUNTO--TERMO TÓPICO |
| Cabeçalho tópico ou nome geográfico |
Carreira e liderança |
| 9 (RLIN) |
919 |
| 655 #0 - TERMO DE ÍNDICE--GÊNERO E FORMA |
| Gênero/forma/ou termo foco |
Não Ficção |
| 700 ## - ENTRADA ADICIONADA - NOME PESSOAL |
| Nome pessoal |
Khawaili, Grace |
| Função do autor por extenso |
TRADUTOR |
| 9 (RLIN) |
917 |
| 942 ## - ELEMENTOS DE ENTRADA ADICIONADOS (KOHA) |
| Fonte de classificação ou esquema de arquivamento |
Classificação decimal de Dewey |
| Ocultar no OPAC |
Não |
| Tipo de material Koha |
Livros |